Statistics for Car Terminology Acronym Quiz

Click here to take the quiz!

General Stats

  • This quiz has been taken 29 times
  • The average score is 9 of 34

Answer Stats

Hint Answer % Correct
BBraking
84%
SSystem
84%
AAnti-lock
76%
ATFAutomatic
52%
VVariable
44%
VValve
36%
EElectronic
36%
TTransmission
36%
RRestraint
36%
EEthanol
36%
TTiming
32%
EEngine
28%
CContinuously
24%
PProgram
20%
SStability
20%
GGas
20%
FFluid
20%
EExhaust
20%
FORDFix Or Repair Daily
16%
SSupplemental
16%
LLamps
12%
CEL *or* MILCheck
12%
RRunning
12%
LLight
12%
RRecirculation
12%
VVentilation
12%
8585 Percent
12%
DRLDaytime
12%
MMalfunction
8%
IIndicator
8%
MMultiple
8%
CCrankcase
8%
PPositive
8%
DDisplacement
4%

Score Distribution

Percentile by Number Answered

Percent of People with Each Score

Your Score History

You have not taken this quiz